|
|
|
|
| LEADER |
01626nam a2200325 4500 |
| 001 |
DLU180183067 |
| 005 |
##20180115 |
| 020 |
# |
# |
|a 9786047846726
|
| 040 |
# |
# |
|a DLU
|b vie
|
| 041 |
# |
# |
|a vie
|
| 044 |
# |
# |
|a vn
|
| 082 |
# |
# |
|a 394.269 597
|b NG-B
|
| 100 |
# |
# |
|a Nguyễn Chí Bền.
|
| 245 |
# |
# |
|a Lễ hội cổ truyền của người Việt, cấu trúc và thành tố /
|c Nguyễn Chí Bền.
|
| 260 |
# |
# |
|a H. :
|b Mỹ thuật,
|c 2016.
|
| 300 |
# |
# |
|a 470 tr. ;
|c 21 cm.
|
| 504 |
# |
# |
|a Tài liệu tham khảo: tr. 437-462.
|
| 505 |
# |
# |
|a Chương 1. Lịch sử sưu tầm nghiên cứu lễ hội cổ truyền của người Việt -- Chương 2. Chủ/khách thể của lễ hội cổ truyền của người Việt -- Chương 3. Cấu trúc lễ hội cổ truyền của người Việt -- Chương 4. Nhân vật phụng thờ trong lễ hội cổ truyền của người Việt -- Chương 5. Các thành tố hiện hữu trong lễ hội cổ truyền của người Việt -- Chương 6. Các thành tố tàng ẩn nhưng hiện hữu trong thời gian thiêng -- Chương 7. Quan hệ giữa các thành tố trong cấu trúc lễ hội cổ truyền của người Việt -- Chương 8. Từ nghiên cứu cấu trúc đến bảo tồn, phát huy giá trị lễ hội cổ truyền trong xã hội đương đại.
|
| 650 |
# |
# |
|a Lễ hội dân gian
|z Việt Nam.
|
| 923 |
# |
# |
|a 01/2017
|
| 991 |
# |
# |
|a SH
|
| 992 |
# |
# |
|a 19000
|
| 994 |
# |
# |
|a DLU
|
| 900 |
# |
# |
|a True
|
| 911 |
# |
# |
|a Nguyễn Thanh Hương
|
| 925 |
# |
# |
|a G
|
| 926 |
# |
# |
|a A
|
| 927 |
# |
# |
|a SH
|
| 980 |
# |
# |
|a Thư viện Trường Đại học Đà Lạt
|